Top 30 : ABBA - Statistiques

Statistiques générales
  • Ce quiz a été pris 140 fois
  • Le résultat moyen est 13 sur 30
Statistiques - réponses
Top Titres % Correct
1 Dancing Queen
95%
3 Mamma Mia
89%
2 Gimme! Gimme! Gimme! (A Man After Midnight)
82%
7 Waterloo
77%
5 The Winner Takes It All
71%
10 Money, Money, Money
70%
13 Voulez-Vous
69%
15 Fernando
60%
4 Lay All Your Love On Me
60%
9 Chiquitita
58%
12 SOS
53%
8 Super Trouper
52%
16 Does Your Mother Know
44%
20 Honey, Honey
42%
6 Take A Chance On Me
42%
14 Slipping Through My Fingers
39%
19 Thank You For The Music
39%
11 Angeleyes
37%
27 Our Last Summer
37%
17 Knowing Me, Knowing You
35%
18 I Have A Dream
31%
21 One Of Us
30%
24 The Name Of The Game
21%
23 Happy New Year
18%
26 When I Kissed The Teacher
17%
22 Don't Shut Me Down
14%
25 I Do, I Do, I Do, I Do, I Do
14%
29 Ring Ring
14%
28 I Still Have Faith In You
12%
30 If It Wasn't For The Nights
3%
Aucun quiz correspondant
Distribution des résultats
% des personnes avec chaque résultat
Percentile par nombre de réponses
Votre historique - résultats
Vous n’avez pas pris ce quiz